000 00622nam a2200205Ia 4500
005 20250508165839.0
008 008 250505s9999 xx 000 0 eng d
020 _a978-3-319-25566-8
037 _aReference
040 _aFEDL
_beng
_cFEDL
041 _aeng
_2eng
084 _a371.33, HAR/RR
_qFEDL
100 _aHarwood Debra
_9782183
245 0 _aCrayons and iPads: Learning and teaching of young children in the digital world
260 _aLondon, UK
_bSage Publications Ltd.
_c2017
300 _aix, 137p.
365 _aGBP
_b45
942 _cREF
_h371.33, HAR/RR
999 _c1397794
_d1397794